La filmographie de Benedict Cumberbatch - Statistiques

Statistiques générales
  • Ce quiz a été pris 61 fois
  • Le résultat moyen est 10 sur 72
Statistiques - réponses
Années Films / Séries % Correct
2010-2017 Sherlock
88%
2016 Doctor Strange
86%
2014 Imitation Game
67%
2018 Avengers : Infinity War
63%
2019 Avengers : Endgame
61%
2021 Spider-man : No Way Home
39%
2022 Doctor Strange in the Multiverse of madness
37%
2012-2014 Le Hobbit
35%
2019 1917
27%
2021 The power of the dog
27%
2018 Patrick Melrose
24%
2013 Star Trek Into Darkness
24%
2017 Thor : Ragnarok
24%
2020 Un espion ordinaire
24%
2013 Twelve years
18%
2011 La taupe
16%
2011 Cheval de guerre
14%
2013 Le cinquième pouvoir
12%
2018 Le Grinch
12%
2012 Parade's end
12%
2007 Reviens-moi
12%
2004 Hawking
10%
2018 Mowgli
10%
2017 The child in time
10%
2017 The current war
10%
2019 Brexit : The uncivil war
8%
2021 Désigné coupable
8%
2019 Good Omens
8%
2021 La vie extraordinaire de Louis Wain
8%
2007 Stuart : Une vie à l'envers
8%
2008 The other boleyn girl
8%
2013 Un été à Osage County
8%
2021 What if...?
8%
2016 Zoolander 2
8%
2002 Affaires non classées
6%
2006 Amazing Grace
6%
2005 Broken News
6%
2009 Burlesque Fairytales
6%
2003 Cambridge Spies
6%
2009 Création
6%
2004 Dunkirk
6%
2019 Entre deux fougères
6%
2002 Fields of gold
6%
2003 Fortysomething
6%
1998/2000/2004 Heartbeat
6%
2007 Inseparable
6%
2022 La Bulle
6%
2014 Les pingouins de Madagascar
6%
2013 Les Simpson
6%
2021 Les Simpson
6%
2013 Little favour
6%
2009 Miss Marple
6%
2005 Nathan Barley
6%
2010 Seule contre tous
6%
2009 Small island
6%
2006 Starter for 10
6%
2015 Strictly criminal
6%
2016 The hollow crown
6%
2008 The last enemy
6%
2019 The tiger who came to tea
6%
2002 Tipping the velvet
6%
2005 To the ends of the earth
6%
2010 Troisième étoile à droite
6%
2010 Van Gogh : Painted with words
6%
2010 We are four lions
6%
2011 Wreckers
6%
2012 Electric cinema : How to behave
4%
2002 Hills like white elephants
4%
2003 La mort d'un roi
4%
? Morning
2%
2003 MI-3
0%
? The wonderful story of Henry Sugar
0%
Aucun quiz correspondant
Distribution des résultats
% des personnes avec chaque résultat
Percentile par nombre de réponses
Votre historique - résultats
Vous n’avez pas pris ce quiz